[Event "23rd EUR-ch"]
[Site "Vrnjacka Banja SRB"]
[Date "2023.03.08"]
[Round "6.56"]
[White "Chigaev, Maxim"]
[Black "Akbas, Umut Ata"]
[Result "1-0"]
[WhiteElo "2632"]
[BlackElo "2419"]
[EventDate "2023.03.03"]
[PlyCount "61"]

1.e4 c5 2.Nf3 d6 3.d4 cxd4 4.Nxd4 Nf6 5.Nc3 a6 6.Be3 e5 7.Nf3 Be7 8.h3 Be6
9.g4 Qa5 10.Bd2 Qb6 11.g5 Nfd7 12.a3 Qc6 13.Be3 Bd8 14.Qd2 Ba5 15.b4 Bb6 
16.Nd5 Bxe3 17.fxe3 Nb6 18.c4 Nxc4 19.Bxc4 Qxc4 20.Nb6 Qxe4 21.Kf2 Ra7 22.
Qxd6 Nd7 23.Nxd7 Bxd7 24.Rhd1 Qc2+ 25.Rd2 Qc8 26.Rc1 Bc6 27.Qxe5+ Kf8 28.
Qc5+ Kg8 29.Qxa7 h6 30.Rxc6 Qxc6 31.Qc5 1-0

[Event "23rd EUR-ch"]
[Site "Vrnjacka Banja SRB"]
[Date "2023.03.08"]
[Round "6.57"]
[White "Fromm, Marius"]
[Black "Motylev, Alexander"]
[Result "1/2-1/2"]
[WhiteElo "2428"]
[BlackElo "2621"]
[EventDate "2023.03.03"]
[PlyCount "53"]

1.e4 e5 2.Nf3 Nc6 3.Bc4 Nf6 4.d3 Bc5 5.O-O d6 6.c3 a6 7.Re1 Ba7 8.Bb3 O-O 
9.h3 Be6 10.Nbd2 h6 11.Nf1 Re8 12.Bc2 d5 13.exd5 Bxd5 14.Ng3 Qd7 15.b4 
Rad8 16.a4 b5 17.axb5 axb5 18.Rxa7 Nxa7 19.Nxe5 Qc8 20.d4 Nc6 21.Bf4 Qa8 
22.Qd3 Bc4 23.Qe3 Nd5 24.Qe4 Nf6 25.Qe3 Nd5 26.Qe4 Nf6 27.Qe3 1/2-1/2

[Event "23rd EUR-ch"]
[Site "Vrnjacka Banja SRB"]
[Date "2023.03.08"]
[Round "6.58"]
[White "Celik, Hasan Huseyin"]
[Black "Socko, Bartosz"]
[Result "1/2-1/2"]
[WhiteElo "2420"]
[BlackElo "2618"]
[EventDate "2023.03.03"]
[PlyCount "45"]

1.e4 e5 2.Nf3 Nc6 3.d4 exd4 4.Nxd4 Nf6 5.Nxc6 bxc6 6.Bd3 d5 7.exd5 cxd5 8.
O-O Be7 9.c4 d4 10.Re1 O-O 11.Bg5 h6 12.Bxf6 Bxf6 13.Nd2 Rb8 14.b3 g6 15.
Ne4 Bg7 16.Qd2 f5 17.Nc5 Qd6 18.Qa5 Qb6 19.Qxb6 cxb6 20.Ne6 Bxe6 21.Rxe6 
Kf7 22.Rae1 Rfe8 23.Rxe8 1/2-1/2

[Event "23rd EUR-ch"]
[Site "Vrnjacka Banja SRB"]
[Date "2023.03.08"]
[Round "6.59"]
[White "Warmerdam, Max"]
[Black "Baenziger, Fabian"]
[Result "1-0"]
[WhiteElo "2614"]
[BlackElo "2413"]
[EventDate "2023.03.03"]
[PlyCount "81"]

1.Nf3 Nf6 2.c4 b6 3.g3 Bb7 4.Bg2 c5 5.O-O e6 6.Nc3 Be7 7.d4 cxd4 8.Qxd4 
O-O 9.Rd1 d6 10.Bg5 h6 11.Bxf6 Bxf6 12.Qf4 Qe7 13.Rac1 Rd8 14.b3 Nc6 15.
Ne4 Bb2 16.Rc2 Be5 17.Qe3 Nb4 18.Rcd2 Bxe4 19.Qxe4 Bc3 20.Rxd6 Rxd6 21.
Qxa8+ Kh7 22.Rxd6 Qxd6 23.Qxa7 f5 24.h4 Nc2 25.Qf7 Ne1 26.Kh2 Bb4 27.e3 
Nd3 28.Nd4 Nxf2 29.Bf3 Qe7 30.Qxe7 Bxe7 31.Nxe6 Nd3 32.Nd4 Kg6 33.Bd1 Nc1 
34.a4 Kf6 35.h5 Bb4 36.Kg2 Bc3 37.Bc2 Kg5 38.Ne6+ Kxh5 39.Bxf5 g6 40.Bc2 
Kg4 41.e4 1-0

[Event "23rd EUR-ch"]
[Site "Vrnjacka Banja SRB"]
[Date "2023.03.08"]
[Round "6.60"]
[White "Baum, Jonasz"]
[Black "Bartel, Mateusz"]
[Result "0-1"]
[WhiteElo "2426"]
[BlackElo "2609"]
[EventDate "2023.03.03"]
[PlyCount "72"]

1.e4 e5 2.Nf3 Nc6 3.Bb5 a6 4.Ba4 Nge7 5.Nc3 d6 6.O-O Ng6 7.Re1 Be7 8.Nd5 
O-O 9.c3 Kh8 10.Bc2 f5 11.exf5 Bxf5 12.Bxf5 Rxf5 13.Qa4 Qg8 14.Qe4 Raf8 
15.d3 Bd8 16.Re2 Nce7 17.Nxe7 Bxe7 18.Bd2 c6 19.Qc4 R8f7 20.Qg4 Qf8 21.Kh1
Nf4 22.Bxf4 Rxf4 23.Qd7 Bd8 24.Qc8 g5 25.Rf1 Rc7 26.Qb8 Qg8 27.Nd2 Rf8 28.
a3 Qd5 29.Ne4 Rd7 30.Rd2 Kg7 31.Qa7 c5 32.b4 Qc6 33.bxc5 d5 34.Nd6 Rxd6 
35.Rb1 Rd7 36.Rdb2 b6 0-1

[Event "23rd EUR-ch"]
[Site "Vrnjacka Banja SRB"]
[Date "2023.03.08"]
[Round "6.61"]
[White "Ivic, Velimir"]
[Black "Kochavi, Ori"]
[Result "1/2-1/2"]
[WhiteElo "2606"]
[BlackElo "2417"]
[EventDate "2023.03.03"]
[PlyCount "75"]

1.e4 c6 2.Nc3 d5 3.Nf3 Bg4 4.d4 e6 5.Be2 Nf6 6.e5 Nfd7 7.O-O a6 8.Ng5 Bxe2
9.Qxe2 Be7 10.Qh5 g6 11.Qh6 Bf8 12.Qh3 Bg7 13.f4 Qe7 14.Ne2 h6 15.Nf3 c5 
16.c3 Nc6 17.Be3 cxd4 18.Nexd4 Nc5 19.Rad1 Ne4 20.Nd2 Nxd4 21.Bxd4 Nxd2 
22.Rxd2 Qc7 23.Qe3 Rc8 24.a4 h5 25.g3 Qc4 26.a5 Bf8 27.b4 Rc6 28.h3 Be7 
29.Rb1 Qb5 30.Rbd1 Kd7 31.Qf3 Qc4 32.Kg2 Rcc8 33.Rd3 Qb3 34.Bf2 Rc7 35.Bb6
Rc6 36.Bd4 Rcc8 37.Bb6 Rc6 38.Bd4 1/2-1/2

[Event "23rd EUR-ch"]
[Site "Vrnjacka Banja SRB"]
[Date "2023.03.08"]
[Round "6.62"]
[White "Sanal, Vahap"]
[Black "Tutisani, Noe"]
[Result "0-1"]
[WhiteElo "2590"]
[BlackElo "2411"]
[EventDate "2023.03.03"]
[PlyCount "88"]

1.e4 e5 2.Nf3 Nc6 3.Bc4 Bc5 4.d3 Nf6 5.O-O d6 6.c3 a5 7.Re1 O-O 8.h3 h6 9.
Nbd2 Be6 10.Bb5 Qb8 11.Nf1 Qa7 12.Be3 Bxe3 13.Rxe3 Ne7 14.d4 c6 15.Bd3 Ng6
16.Ng3 a4 17.a3 Qb6 18.Qd2 c5 19.d5 Bd7 20.Rae1 Qa5 21.Nh2 b5 22.Nf5 Bxf5 
23.exf5 Ne7 24.Rg3 Kh8 25.Ng4 Neg8 26.Ne3 c4 27.Bc2 Rac8 28.f3 Qd8 29.h4 
Re8 30.Rh3 e4 31.g4 exf3 32.Rxf3 Rc5 33.Ref1 Rxe3 34.Rxe3 Nxg4 35.Re4 Qxh4
36.Qf4 N8f6 37.Rd4 Rxd5 38.Rxd5 Nxd5 39.Qxd6 Ngf6 40.Rf2 Ne3 41.Bb1 Qg4+ 
42.Kh2 Qg5 43.Kh1 Kh7 44.Qd4 Nfg4 0-1

[Event "23rd EUR-ch"]
[Site "Vrnjacka Banja SRB"]
[Date "2023.03.08"]
[Round "6.64"]
[White "Moroni, Luca jr"]
[Black "Peyrer, Konstantin"]
[Result "1/2-1/2"]
[WhiteElo "2578"]
[BlackElo "2395"]
[EventDate "2023.03.03"]
[PlyCount "46"]

1.c4 c6 2.Nf3 d5 3.e3 Nf6 4.Nc3 e6 5.d4 a6 6.Bd3 dxc4 7.Bxc4 c5 8.a4 Nc6 
9.O-O Bd6 10.Qe2 O-O 11.Rd1 Qc7 12.h3 b6 13.d5 exd5 14.Bxd5 Bb7 15.e4 Rae8
16.Bg5 Nd4 17.Nxd4 Nxd5 18.Nxd5 Bxd5 19.Nf5 Bh2+ 20.Kh1 Bxe4 21.Ne7+ Kh8 
22.Qxe4 f6 23.Be3 Rxe7 1/2-1/2

[Event "23rd EUR-ch"]
[Site "Vrnjacka Banja SRB"]
[Date "2023.03.08"]
[Round "6.65"]
[White "Grigoriants, Sergey"]
[Black "Pacher, Milan"]
[Result "1/2-1/2"]
[WhiteElo "2572"]
[BlackElo "2392"]
[EventDate "2023.03.03"]
[PlyCount "110"]

1.c4 e5 2.g3 Nf6 3.Bg2 h6 4.a3 c6 5.d4 exd4 6.Qxd4 d5 7.cxd5 cxd5 8.Nf3 
Nc6 9.Qd3 Bc5 10.b4 Bb6 11.Nc3 a6 12.O-O O-O 13.Bb2 Re8 14.Rac1 Bg4 15.Na4
Bxf3 16.Bxf6 Qxf6 17.Qxf3 Qxf3 18.Bxf3 Ba7 19.e3 Rad8 20.Rfd1 d4 21.Bxc6 
bxc6 22.exd4 Rxd4 23.Rxd4 Bxd4 24.Kf1 a5 25.Rc4 Bf6 26.Rxc6 axb4 27.axb4 
Re4 28.Rb6 Be7 29.Nc5 Bxc5 30.bxc5 g6 31.c6 Kg7 32.h4 h5 33.c7 Rc4 34.Rb7 
Kf6 35.Ke2 Ke5 36.Kd3 Rc1 37.Kd2 Rc6 38.c8=Q Rxc8 39.Rxf7 Ra8 40.Ke2 Ra3 
41.Kf1 Ke6 42.Rf4 Rb3 43.Kg2 Ra3 44.f3 Ke5 45.Rf7 Ra4 46.Rf8 Ra2+ 47.Kh3 
Ra1 48.Rf7 Ke6 49.Rf4 Ke5 50.Rf8 Rb1 51.g4 hxg4+ 52.fxg4 Rh1+ 53.Kg3 Rg1+ 
54.Kh3 Rh1+ 55.Kg3 Rg1+ 1/2-1/2

[Event "23rd EUR-ch"]
[Site "Vrnjacka Banja SRB"]
[Date "2023.03.08"]
[Round "6.66"]
[White "Mchedlishvili, Mikheil"]
[Black "Injac, Teodora"]
[Result "1/2-1/2"]
[WhiteElo "2569"]
[BlackElo "2383"]
[EventDate "2023.03.03"]
[PlyCount "70"]

1.Nf3 d5 2.g3 g6 3.c4 dxc4 4.Na3 Bg7 5.Nxc4 Nc6 6.d3 e5 7.Bd2 Nge7 8.Bg2 
O-O 9.b4 a6 10.Rc1 Bf5 11.Ng5 Rb8 12.O-O Nd4 13.Re1 Bd7 14.e3 Ne6 15.Nf3 
f6 16.Qb3 Qe8 17.a3 Qf7 18.Bc3 Rfd8 19.Red1 Bc6 20.e4 Bd7 21.a4 b5 22.axb5
Bxb5 23.Bh3 Bd7 24.Bf1 Nc6 25.Qa2 Nxb4 26.Bxb4 Rxb4 27.Qxa6 Ba4 28.Re1 Nc5
29.Qa5 Rb5 30.Qa7 Bf8 31.Ncd2 Rb7 32.Qa5 Rb5 33.Qa7 Rb7 34.Qa5 Rb5 35.Qa7 
Rb7 1/2-1/2

[Event "23rd EUR-ch"]
[Site "Vrnjacka Banja SRB"]
[Date "2023.03.08"]
[Round "6.67"]
[White "Pultinevicius, Paulius"]
[Black "Stremavicius, Pijus"]
[Result "0-1"]
[WhiteElo "2546"]
[BlackElo "2383"]
[EventDate "2023.03.03"]
[PlyCount "60"]

1.d4 d5 2.c4 e6 3.Nf3 a6 4.Nbd2 dxc4 5.Nxc4 b5 6.Nce5 Bb7 7.Qc2 Nf6 8.e3 
Nfd7 9.a4 c5 10.axb5 axb5 11.Rxa8 Bxa8 12.Bd2 cxd4 13.Bxb5 Bxf3 14.gxf3 
dxe3 15.fxe3 Bd6 16.Nxd7 Nxd7 17.Qa4 Ke7 18.Ke2 Nf6 19.Rd1 Qb8 20.Be1 Nd5 
21.e4 Nf4+ 22.Kf1 Kf6 23.Rxd6 Qxd6 24.e5+ Kxe5 25.Bb4 Qd5 26.Bc3+ Kf5 27.
Be2 e5 28.Bd1 Ra8 29.Qc2+ Kf6 30.Kf2 Ra1 0-1

[Event "23rd EUR-ch"]
[Site "Vrnjacka Banja SRB"]
[Date "2023.03.08"]
[Round "6.68"]
[White "Agdelen, Huseyin Can"]
[Black "Lobanov, Sergei"]
[Result "1/2-1/2"]
[WhiteElo "2411"]
[BlackElo "2545"]
[EventDate "2023.03.03"]
[PlyCount "69"]

1.e4 c5 2.Nf3 Nc6 3.Bb5 g6 4.Bxc6 dxc6 5.O-O Bg7 6.d3 Nh6 7.h3 f6 8.a4 e5 
9.a5 Nf7 10.Be3 Qe7 11.Nc3 Rb8 12.Na4 b6 13.axb6 axb6 14.b4 f5 15.exf5 
gxf5 16.Re1 O-O 17.bxc5 b5 18.Nb6 Be6 19.Qe2 Rbe8 20.d4 f4 21.Bd2 exd4 22.
Bb4 Qf6 23.Qe4 Nd8 24.Rad1 Qf7 25.Ng5 Qh5 26.Nxe6 Rxe6 27.Qf3 Qxf3 28.gxf3
Rf5 29.Re4 Rg5+ 30.Kf1 Rxe4 31.fxe4 Ne6 32.Nc8 Nxc5 33.Ne7+ Kf7 34.Nxc6 
Nxe4 35.Nd8+ 1/2-1/2

[Event "23rd EUR-ch"]
[Site "Vrnjacka Banja SRB"]
[Date "2023.03.08"]
[Round "6.69"]
[White "Kalogeris, Ioannis"]
[Black "Muradli, Mahammad"]
[Result "1-0"]
[WhiteElo "2409"]
[BlackElo "2539"]
[EventDate "2023.03.03"]
[PlyCount "127"]

1.e4 c5 2.Nf3 d6 3.d4 cxd4 4.Nxd4 Nf6 5.Nc3 a6 6.Be3 e5 7.Nb3 Be6 8.f3 h5 
9.Nd5 Bxd5 10.exd5 g6 11.Qd2 Nbd7 12.O-O-O Qc7 13.Kb1 Bg7 14.Rc1 O-O 15.c4
a5 16.a4 b6 17.Bd3 Nc5 18.Nxc5 bxc5 19.Bc2 Rfb8 20.b3 e4 21.Ka2 Rb4 22.Rb1
Rab8 23.Rhe1 Qd7 24.Bg5 exf3 25.gxf3 Qh3 26.Qf2 Nxd5 27.cxd5 c4 28.Re4 Qc8
29.Qd2 cxb3+ 30.Rxb3 Rxb3 31.Bxb3 Qf5 32.Qe3 Kh7 33.h4 Rc8 34.Qe2 Qh3 35.
Be3 Rc3 36.Bd1 Qc8 37.Bd4 Bxd4 38.Rxd4 Qc5 39.Qd2 Qa3+ 40.Kb1 Rc8 41.Qb2 
Qe3 42.f4 Rb8 43.Qxb8 Qxd4 44.Bc2 Qxf4 45.Qb6 Qf1+ 46.Kb2 Qf6+ 47.Kb1 Qf1+
48.Kb2 Qf6+ 49.Kb3 Qf3+ 50.Kc4 Qf1+ 51.Bd3 Qc1+ 52.Kb5 Qc3 53.Qe3 Qb4+ 54.
Kc6 Qxa4+ 55.Kxd6 Qxh4 56.Kc7 a4 57.d6 a3 58.d7 Qh2+ 59.Kc8 a2 60.Qd4 Qh1 
61.d8=Q Qa8+ 62.Kc7 a1=Q 63.Bxg6+ Kh6 64.Qf4+ 1-0

[Event "23rd EUR-ch"]
[Site "Vrnjacka Banja SRB"]
[Date "2023.03.08"]
[Round "6.70"]
[White "Radovanovic, Nikola"]
[Black "Boruchovsky, Avital"]
[Result "0-1"]
[WhiteElo "2407"]
[BlackElo "2536"]
[EventDate "2023.03.03"]
[PlyCount "100"]

1.e4 c5 2.Nc3 d6 3.f4 g6 4.Nf3 Bg7 5.Bb5+ Bd7 6.a4 Nc6 7.O-O Nf6 8.d3 O-O 
9.Kh1 e6 10.Be3 a6 11.Bc4 Nb4 12.Bg1 Rc8 13.e5 Ne8 14.Bb3 Bc6 15.a5 Qe7 
16.exd6 Nxd6 17.Ne5 Rfd8 18.Nxc6 Rxc6 19.Qe2 Nf5 20.Na4 h5 21.Bc4 Bd4 22.
c3 Qh4 23.Rf3 Bxg1 24.Kxg1 Nd5 25.Qe5 Qe7 26.Re1 Nf6 27.Nb6 Nd7 28.Nxd7 
Rxd7 29.Qb8+ Kh7 30.Qe5 Qd8 31.Ra1 Rc8 32.Qe2 Qc7 33.Rff1 Ne7 34.Qf2 Qd8 
35.Ra4 Nf5 36.Re1 Nd6 37.Bb3 c4 38.dxc4 f5 39.Raa1 Ne4 40.Qe3 Rd3 41.Qa7 
Rd2 42.Rad1 Nc5 43.g3 Qd3 44.Qb6 h4 45.gxh4 Kh6 46.Qb4 Rd8 47.Qxc5 Qf3 48.
Rxd2 Rxd2 49.Qf8+ Kh5 50.Bd1 Rg2+ 0-1

[Event "23rd EUR-ch"]
[Site "Vrnjacka Banja SRB"]
[Date "2023.03.08"]
[Round "6.71"]
[White "Dvirnyy, Danyyil"]
[Black "Pasti, Aron"]
[Result "1-0"]
[WhiteElo "2531"]
[BlackElo "2378"]
[EventDate "2023.03.03"]
[PlyCount "81"]

1.e4 e5 2.Nf3 Nc6 3.Bb5 a6 4.Ba4 Nf6 5.O-O Bc5 6.c3 O-O 7.d4 Ba7 8.dxe5 
Nxe4 9.Qd5 Nc5 10.Bc2 Ne7 11.Qd1 d5 12.exd6 Qxd6 13.Qxd6 cxd6 14.Rd1 Bf5 
15.Na3 Be4 16.Rxd6 Nf5 17.Rd1 Rfd8 18.Be3 Nxe3 19.fxe3 Bxc2 20.Nxc2 Na4 
21.Rxd8+ Rxd8 22.Rb1 Rd3 23.Kf1 b5 24.Ke1 f6 25.Nfd4 Kf7 26.Nb3 Bb8 27.h3 
h5 28.Nc1 Rd5 29.Nd4 Rg5 30.Kf1 Re5 31.Nc6 Rf5+ 32.Ke2 Bc7 33.Nd3 Rg5 34.
Kf2 Rf5+ 35.Kg1 h4 36.Nd4 Rd5 37.Kf2 Rd8 38.Ke2 Rd5 39.Rf1 g5 40.e4 Rd8 
41.e5 1-0

[Event "23rd EUR-ch"]
[Site "Vrnjacka Banja SRB"]
[Date "2023.03.08"]
[Round "6.72"]
[White "Mitsis, Georgios"]
[Black "Kacharava, Nikolozi"]
[Result "0-1"]
[WhiteElo "2407"]
[BlackElo "2531"]
[EventDate "2023.03.03"]
[PlyCount "80"]

1.d4 d5 2.Nf3 Nf6 3.c4 c6 4.e3 e6 5.b3 Ne4 6.Bd3 Bb4+ 7.Nbd2 Nd7 8.O-O f5 
9.a3 Bd6 10.b4 O-O 11.Bb2 Qf6 12.b5 cxb5 13.cxb5 g5 14.a4 Rf7 15.Ba3 Bxa3 
16.Rxa3 g4 17.Bxe4 fxe4 18.Ne1 Rg7 19.Rc3 Nf8 20.Nb3 b6 21.Nc1 Bd7 22.Nc2 
a6 23.Na3 h5 24.Ne2 Ng6 25.Kh1 h4 26.Ng1 e5 27.Qb3 Qf7 28.Rc7 a5 29.Qd1 
Rf8 30.Nc2 g3 31.f3 h3 32.Nxh3 Nh4 33.Ne1 Qg6 34.Rxd7 Rxd7 35.f4 exd4 36.
Qxd4 Nf5 37.Qd2 gxh2 38.Rf2 Qg3 39.Re2 Rc8 40.Ng5 Qh4 0-1

[Event "23rd EUR-ch"]
[Site "Vrnjacka Banja SRB"]
[Date "2023.03.08"]
[Round "6.73"]
[White "Guliev, Namig"]
[Black "Uskov, Artem"]
[Result "1-0"]
[WhiteElo "2528"]
[BlackElo "2373"]
[EventDate "2023.03.03"]
[PlyCount "89"]

1.e4 c5 2.Nf3 d6 3.Bb5+ Nd7 4.d4 cxd4 5.Qxd4 a6 6.Bxd7+ Bxd7 7.c4 e5 8.Qd3
b5 9.Na3 Qb8 10.O-O h6 11.b3 Nf6 12.Nc2 bxc4 13.bxc4 Bc6 14.Nd2 Be7 15.Ne3
g6 16.a4 O-O 17.Nd5 Bxd5 18.cxd5 Rc8 19.Ba3 Nd7 20.Rab1 Qa7 21.Nc4 Nc5 22.
Qc2 Rc7 23.Na5 Ne6 24.Nc6 Nd4 25.Nxe7+ Rxe7 26.Qd2 Qd7 27.Rb6 Qxa4 28.Bxd6
Ree8 29.f4 exf4 30.Rb4 Qd7 31.Bxf4 Nb5 32.Bxh6 Re5 33.Bg5 a5 34.Bf6 Rh5 
35.Rbb1 Nd6 36.Qf4 a4 37.Bd4 Re8 38.Rfe1 Qd8 39.Bf6 Qd7 40.e5 Nc8 41.d6 a3
42.Rec1 a2 43.Ra1 Qe6 44.Qd4 Nxd6 45.Qxd6 1-0

[Event "23rd EUR-ch"]
[Site "Vrnjacka Banja SRB"]
[Date "2023.03.08"]
[Round "6.74"]
[White "Kulaots, Kaido"]
[Black "Suarez Uriel, Adrian"]
[Result "1/2-1/2"]
[WhiteElo "2525"]
[BlackElo "2370"]
[EventDate "2023.03.03"]
[PlyCount "118"]

1.e4 c5 2.Nf3 d6 3.d4 cxd4 4.Nxd4 Nf6 5.Nc3 a6 6.Be3 e5 7.Nb3 Be7 8.f3 Be6
9.Qd2 h5 10.Nd5 Nxd5 11.exd5 Bf5 12.Be2 Qc7 13.Rc1 a5 14.O-O a4 15.Na1 O-O
16.c4 Nd7 17.Nc2 Nc5 18.Na3 Qd8 19.Nb5 Bg6 20.Rcd1 Rc8 21.Kh1 f5 22.f4 Bf6
23.Bf3 Be8 24.fxe5 Bxe5 25.Bg5 Qb6 26.Nd4 Bd7 27.Be3 Qd8 28.Bg5 Qe8 29.b3 
axb3 30.axb3 Qg6 31.Bf4 Rfe8 32.Rfe1 Kh7 33.Re2 Bxd4 34.Qxd4 Rxe2 35.Bxe2 
Nxb3 36.Qb6 Nc5 37.Rf1 Qe8 38.Bf3 Nd3 39.Bxd6 Rxc4 40.h3 Qg6 41.Qb3 Nf2+ 
42.Rxf2 Rc1+ 43.Bd1 Qxd6 44.Rf1 b5 45.Qb2 Qc5 46.Qe2 Qxd5 47.Qxh5+ Kg8 48.
Re1 Rc8 49.Re3 Be6 50.Qe2 Bf7 51.Re5 Qd4 52.Rxf5 Re8 53.Qf1 Bc4 54.Rf4 Qc3
55.Qf3 Qd2 56.Bb3 Qe1+ 57.Kh2 Qe5 58.Bxc4+ bxc4 59.Qg3 c3 1/2-1/2

[Event "23rd EUR-ch"]
[Site "Vrnjacka Banja SRB"]
[Date "2023.03.08"]
[Round "6.75"]
[White "Alsina Leal, Daniel"]
[Black "Schekachikhin, Maksim"]
[Result "1-0"]
[WhiteElo "2522"]
[BlackElo "2367"]
[EventDate "2023.03.03"]
[PlyCount "137"]

1.e4 c5 2.Nf3 e6 3.d4 cxd4 4.Nxd4 Nf6 5.Nc3 Nc6 6.Be2 d6 7.Be3 Be7 8.Qd2 
a6 9.O-O-O Bd7 10.g4 Nxd4 11.Qxd4 O-O 12.e5 dxe5 13.Qxe5 Qc8 14.g5 Ne8 15.
Ne4 Bc6 16.Bd3 Qc7 17.Qg3 Rc8 18.Kb1 Bd5 19.b3 f5 20.gxf6 Nxf6 21.Rhg1 
Qxg3 22.Nxf6+ Bxf6 23.fxg3 b5 24.Bc1 Bf3 25.Rde1 Bd4 26.Rgf1 Bd5 27.Bb2 
Bf6 28.Be4 Bxe4 29.Rxe4 Bxb2 30.Rxf8+ Kxf8 31.Kxb2 Ke7 32.a4 Rc5 33.b4 Rd5
34.c4 Rd2+ 35.Kc3 Rxh2 36.cxb5 axb5 37.axb5 Kd6 38.b6 Rh5 39.Kc4 Kc6 40.
Rxe6+ Kb7 41.Re7+ Kxb6 42.Rxg7 Rh1 43.Rg4 Rh5 44.Kd4 Rb5 45.Ke3 Kc6 46.Rd4
h5 47.Kf4 Kc7 48.Kf3 Kc6 49.Kg2 Kc7 50.Kh3 Kc6 51.Kh4 Kc7 52.Rd1 Kc6 53.
Rd8 Kc7 54.Rg8 Kd7 55.Rg5 Rxb4+ 56.Kxh5 Ke7 57.Kg6 Kf8 58.Kh7 Rb7+ 59.Kh8 
Rb3 60.Rf5+ Ke7 61.g4 Ke6 62.Kg7 Rg3 63.Rf4 Ke5 64.Ra4 Rg1 65.Kg6 Rb1 66.
g5 Rb6+ 67.Kh7 Rb7+ 68.Kh6 Kf5 69.Ra5+ 1-0

[Event "23rd EUR-ch"]
[Site "Vrnjacka Banja SRB"]
[Date "2023.03.08"]
[Round "6.76"]
[White "Rasulov, Vugar"]
[Black "Hnydiuk, Aleksander"]
[Result "1/2-1/2"]
[WhiteElo "2516"]
[BlackElo "2364"]
[EventDate "2023.03.03"]
[PlyCount "140"]

1.e4 e5 2.Nf3 Nf6 3.d3 Nc6 4.g3 d5 5.exd5 Nxd5 6.Bg2 Bc5 7.O-O O-O 8.Re1 
f6 9.c3 Bb6 10.Nbd2 Bf5 11.Nc4 Qd7 12.a4 a5 13.Qb3 Kh8 14.Nxb6 Nxb6 15.Be3
Qd5 16.Qxd5 Nxd5 17.Bc5 Rfd8 18.Red1 Nb6 19.d4 Nc4 20.d5 Nxb2 21.Rd2 Nd3 
22.Rxd3 Bxd3 23.dxc6 b6 24.Be3 Rd6 25.Nd2 Rad8 26.f4 Bc2 27.Nc4 Rd1+ 28.
Rxd1 Rxd1+ 29.Kf2 Bxa4 30.fxe5 Bb3 31.Nd2 Be6 32.exf6 a4 33.Bf3 Ra1 34.c4 
a3 35.Bd5 Bxd5 36.cxd5 gxf6 37.Nb3 Ra2+ 38.Kf3 Rc2 39.Bd4 Kg7 40.Ke4 Re2+ 
41.Kd3 Re8 42.Kc4 Kf7 43.Bc3 a2 44.Nd4 Ra8 45.Ba1 Ra4+ 46.Kd3 Ra5 47.d6 
cxd6 48.Nb3 Ra4 49.Nd4 Ke7 50.Kc3 Kd8 51.Kb3 Ra5 52.Nc2 f5 53.Bc3 Ra8 54.
Na3 Kc7 55.Kxa2 Kxc6 56.Kb3 Re8 57.Nc2 Kd5 58.Nd4 Ke4 59.Nb5 Re6 60.Bd2 
Kd3 61.Bf4 d5 62.Nc7 Re2 63.Nxd5 Rxh2 64.Nxb6 h5 65.Nd7 h4 66.gxh4 Rxh4 
67.Bc1 Rh1 68.Kb2 Rh2+ 69.Kb3 Rh1 70.Kb2 Rxc1 1/2-1/2

[Event "23rd EUR-ch"]
[Site "Vrnjacka Banja SRB"]
[Date "2023.03.08"]
[Round "6.77"]
[White "Ibadov, Dashgyn"]
[Black "Djukic, Nikola"]
[Result "0-1"]
[WhiteElo "2398"]
[BlackElo "2514"]
[EventDate "2023.03.03"]
[PlyCount "66"]

1.e4 c5 2.Nf3 d6 3.d4 cxd4 4.Nxd4 Nf6 5.Nc3 a6 6.Bc4 e6 7.a4 Nc6 8.Be3 Be7
9.Nxc6 bxc6 10.a5 d5 11.Bb6 Qd6 12.Qe2 Nd7 13.Bd3 Nxb6 14.axb6 Qb4 15.exd5
cxd5 16.O-O Qxb6 17.Qe5 Kf8 18.Na4 Qd8 19.c4 Bf6 20.Qg3 g6 21.cxd5 exd5 
22.Rfd1 Kg7 23.Be4 Be6 24.Nc3 Qb8 25.Nxd5 Qxg3 26.hxg3 Bxb2 27.Rab1 Rab8 
28.Rd2 Be5 29.Rbd1 a5 30.f4 Bd6 31.Ra1 Bb4 32.Rd3 Rhc8 33.Ra4 Rc4 0-1

[Event "23rd EUR-ch"]
[Site "Vrnjacka Banja SRB"]
[Date "2023.03.08"]
[Round "6.78"]
[White "Gadimbayli, Abdulla"]
[Black "Costa, Leonardo"]
[Result "1-0"]
[WhiteElo "2507"]
[BlackElo "2364"]
[EventDate "2023.03.03"]
[PlyCount "149"]

1.e4 e5 2.Nf3 Nc6 3.Bb5 a6 4.Ba4 d6 5.O-O Bd7 6.Re1 Nf6 7.c3 g6 8.d4 Bg7 
9.Bg5 h6 10.Bh4 b5 11.Bb3 O-O 12.dxe5 Nxe5 13.Nxe5 dxe5 14.Nd2 Qe7 15.Qe2 
Qc5 16.Nf1 Bc6 17.Bc2 Nh5 18.Qe3 Qxe3 19.Nxe3 Bf6 20.Bxf6 Nxf6 21.f3 Rfd8 
22.Kf2 Kf8 23.Red1 Ke7 24.a4 Rxd1 25.Bxd1 Nd7 26.b4 f6 27.c4 bxc4 28.Rc1 
Rb8 29.Rxc4 Kd6 30.a5 h5 31.h4 Bb5 32.Rc2 c6 33.Rd2+ Ke7 34.g4 Rh8 35.Kg3 
Nf8 36.Bb3 Ne6 37.Bxe6 Kxe6 38.gxh5 Rxh5 39.Rd8 g5 40.hxg5 Rxg5+ 41.Kf2 
Rh5 42.Ng4 Rh7 43.Ke3 Bc4 44.Re8+ Re7 45.Rc8 Bb5 46.Rh8 Rg7 47.Rh6 Rf7 48.
Rg6 Ke7 49.f4 exf4+ 50.Kxf4 Bd3 51.Nh6 Rh7 52.Kf5 Bb1 53.Ng8+ Kf7 54.Nh6+ 
Ke7 55.Kf4 Ke6 56.Ng4 Rf7 57.Rh6 Rf8 58.e5 Rb8 59.Rxf6+ Kd7 60.Rd6+ Ke7 
61.Rd4 Ba2 62.Nf2 Rf8+ 63.Ke3 Rf5 64.Nd3 Bb1 65.Nc5 Rxe5+ 66.Kd2 Ba2 67.
Nxa6 Bd5 68.Rh4 Kd7 69.Nc5+ Kc7 70.Rh7+ Kc8 71.a6 Rg5 72.a7 Rg2+ 73.Ke3 
Rg3+ 74.Kf4 Rf3+ 75.Ke5 1-0

[Event "23rd EUR-ch"]
[Site "Vrnjacka Banja SRB"]
[Date "2023.03.08"]
[Round "6.79"]
[White "Patrelakis, Evaggelos"]
[Black "Petrov, Martin"]
[Result "1/2-1/2"]
[WhiteElo "2387"]
[BlackElo "2505"]
[EventDate "2023.03.03"]
[PlyCount "51"]

1.e4 c5 2.Nf3 d6 3.d4 cxd4 4.Nxd4 Nf6 5.Nc3 a6 6.Be3 e5 7.Nb3 Be7 8.f3 Be6
9.Qd2 h5 10.Nd5 Nxd5 11.exd5 Bf5 12.Be2 a5 13.a4 Nd7 14.O-O O-O 15.f4 exf4
16.Bxf4 Bg6 17.Kh1 Qc7 18.Bd3 Bxd3 19.Qxd3 Ne5 20.Qe2 g6 21.Nd4 Rac8 22.
Bxe5 dxe5 23.Nb5 Qxc2 24.Qxe5 Bb4 25.d6 Qc6 26.Rad1 1/2-1/2

[Event "23rd EUR-ch"]
[Site "Vrnjacka Banja SRB"]
[Date "2023.03.08"]
[Round "6.80"]
[White "Valsecchi, Alessio"]
[Black "Roebers, Eline"]
[Result "1/2-1/2"]
[WhiteElo "2505"]
[BlackElo "2362"]
[EventDate "2023.03.03"]
[PlyCount "111"]

1.e4 e6 2.d4 d5 3.Nc3 Bb4 4.exd5 exd5 5.Bd3 Nf6 6.Bg5 O-O 7.Ne2 Nbd7 8.O-O
c6 9.a3 Be7 10.Ng3 Re8 11.Nf5 Bf8 12.Qf3 h6 13.Bd2 Nb6 14.Rae1 Be6 15.Qg3 
Kh8 16.Bc1 Nc4 17.Qh4 Ng8 18.Qxd8 Raxd8 19.Ne2 Nd6 20.Nfg3 g6 21.c3 Bg7 
22.a4 Bc8 23.b3 f5 24.f3 g5 25.Nh5 Nf6 26.Nxg7 Kxg7 27.Ba3 f4 28.Nc1 Nf5 
29.Re5 Ne3 30.Re1 Rxe5 31.dxe5 Nd7 32.e6 Ne5 33.e7 Re8 34.Bd6 Nxd3 35.Nxd3
Nf5 36.Ba3 Kf6 37.Kf2 b6 38.Ne5 c5 39.Ng4+ Kg7 40.b4 Rxe7 41.Rxe7+ Nxe7 
42.bxc5 Nc6 43.h4 Bxg4 44.fxg4 Ne5 45.hxg5 hxg5 46.cxb6 axb6 47.Be7 Kg6 
48.Bd8 Nd3+ 49.Ke2 Nb2 50.Bxb6 Nxa4 51.Bd4 Nb2 52.g3 fxg3 53.Kf3 Nc4 54.
Kxg3 Kf7 55.Kg2 Ke6 56.Kg3 1/2-1/2

[Event "23rd EUR-ch"]
[Site "Vrnjacka Banja SRB"]
[Date "2023.03.08"]
[Round "6.81"]
[White "Garrido Outon, Alex"]
[Black "Wieczorek, Oskar"]
[Result "1/2-1/2"]
[WhiteElo "2380"]
[BlackElo "2505"]
[EventDate "2023.03.03"]
[PlyCount "83"]

1.e4 e5 2.Nf3 Nc6 3.Bb5 a6 4.Ba4 Nf6 5.O-O Nxe4 6.d4 b5 7.Bb3 d5 8.dxe5 
Be6 9.Nbd2 Nc5 10.c3 Be7 11.Bc2 d4 12.Nb3 d3 13.Bb1 Nxb3 14.axb3 Bf5 15.
Re1 O-O 16.b4 a5 17.bxa5 Rxa5 18.Rxa5 Nxa5 19.Nd4 Bg6 20.Bxd3 Bxd3 21.Qxd3
c5 22.Qxb5 cxd4 23.Bd2 Qb8 24.Qxa5 Qxb2 25.cxd4 Qxd4 26.Be3 Qc4 27.Rd1 Qe6
28.Qd5 Qxd5 29.Rxd5 Rd8 30.Rxd8+ Bxd8 31.f4 f5 32.exf6 Bxf6 33.g4 g6 34.
Kg2 Kf7 35.Kf3 Ke6 36.Ke4 Bd8 37.Bd4 Be7 38.f5+ gxf5+ 39.gxf5+ Kf7 40.Kf4 
Bd8 41.Kg4 Ba5 42.Kh5 1/2-1/2

[Event "23rd EUR-ch"]
[Site "Vrnjacka Banja SRB"]
[Date "2023.03.08"]
[Round "6.82"]
[White "Blohberger, Felix"]
[Black "Szwed, Jacek"]
[Result "1-0"]
[WhiteElo "2493"]
[BlackElo "2361"]
[EventDate "2023.03.03"]
[PlyCount "68"]

1.c4 c5 2.Nf3 g6 3.e4 Bg7 4.d4 d6 5.d5 e6 6.Nc3 exd5 7.exd5 Bg4 8.Be2 Bxf3
9.Bxf3 Nd7 10.O-O Ne7 11.Be4 O-O 12.f4 Nf5 13.Bxf5 Bxc3 14.Bd3 Bd4+ 15.Kh1
f5 16.g4 Qh4 17.gxf5 gxf5 18.Qe1 Qh3 19.Qg3+ Qxg3 20.hxg3 Rae8 21.Kg2 Nf6 
22.Bxf5 Nxd5 23.Bxh7+ Kxh7 24.cxd5 Rf5 25.g4 Rxd5 26.Rd1 b5 27.Kf3 Kg6 28.
f5+ Kf7 29.Bf4 Bxb2 30.Rxd5 Bxa1 31.Rxd6 c4 32.g5 Rf8 33.Kg4 Ke7 34.Rd1 
Ke8 1-0

[Event "23rd EUR-ch"]
[Site "Vrnjacka Banja SRB"]
[Date "2023.03.08"]
[Round "6.83"]
[White "Gharibian, Mamikon"]
[Black "Filip, Lucian-Ioan"]
[Result "1-0"]
[WhiteElo "2491"]
[BlackElo "2349"]
[EventDate "2023.03.03"]
[PlyCount "89"]

1.d4 Nf6 2.c4 e6 3.Nf3 c5 4.d5 d6 5.Nc3 exd5 6.cxd5 g6 7.Bf4 a6 8.a4 Bg7 
9.h3 O-O 10.e3 Ne8 11.Be2 Nd7 12.O-O Ne5 13.Nd2 b6 14.Bh2 f5 15.Rb1 Nf7 
16.Qc2 Nc7 17.Rfd1 Rb8 18.Nc4 b5 19.Na5 Qf6 20.Nc6 Rb7 21.axb5 axb5 22.Qb3
b4 23.Na4 Bd7 24.Ra1 g5 25.Na5 Bxa4 26.Rxa4 Ra7 27.Nc4 Rxa4 28.Qxa4 f4 29.
exf4 gxf4 30.Qd7 Ne5 31.Qxd6 Qf5 32.Nxe5 Bxe5 33.Qxc5 Ne8 34.Bg4 Qf6 35.
Qxb4 Nd6 36.Re1 Kg7 37.Be6 h5 38.h4 Kh6 39.Qd2 Bxb2 40.Bxf4+ Qxf4 41.Qxb2 
Qxh4 42.Bh3 Ne4 43.g3 Nxg3 44.Re6+ Kh7 45.Qb7+ 1-0